| Tag |
First Indicator |
Second Indicator |
Subfields |
| LEADER |
00000pam a2200000 a 4500 |
| 001 |
in00000422621 |
| 005 |
20151012060725.0 |
| 008 |
860131s1986 iluc b 00110 eng |
| 010 |
|
|
|a 86001427
|
| 020 |
|
|
|a 0226422402 :
|c $29.95 (est.)
|
| 035 |
|
|
|a (OCoLC)13184670
|
| 035 |
|
|
|9 ABV3797AM
|
| 040 |
|
|
|a DLC
|c DLC
|d TXA
|d UtOrBLW
|
| 043 |
|
|
|a e-ur---
|a n-us---
|a e-ur-li
|
| 049 |
|
|
|a TXAM
|c [A09809149]
|
| 050 |
0 |
0 |
|a DS140.5
|b .K33 1986
|
| 082 |
0 |
|
|a 330.947/0089924
|2 19
|
| 100 |
1 |
|
|a Kahan, Arcadius.
|
| 245 |
1 |
0 |
|a Essays in Jewish social and economic history /
|c Arcadius Kahan ; edited by Roger Weiss ; with an introduction by Jonathan Frankel.
|
| 264 |
|
1 |
|a Chicago :
|b University of Chicago Press,
|c 1986.
|
| 300 |
|
|
|a xx, 208 pages :
|b portrait ;
|c 24 cm.
|
| 336 |
|
|
|a text
|b txt
|2 rdacontent
|
| 337 |
|
|
|a unmediated
|b n
|2 rdamedia
|
| 338 |
|
|
|a volume
|b nc
|2 rdacarrier
|
| 504 |
|
|
|a Includes bibliographical references and index.
|
| 650 |
|
0 |
|a Jews
|z Soviet Union
|x Economic conditions.
|
| 650 |
|
0 |
|a Jews, East European
|z United States
|x Economic conditions.
|
| 650 |
|
0 |
|a Jews
|z United States
|x Economic conditions.
|
| 650 |
|
0 |
|a Jews
|z Lithuania
|z Vilnius.
|
| 650 |
|
0 |
|a Jews
|z Soviet Union
|x Identity.
|
| 651 |
|
0 |
|a Soviet Union
|x Ethnic relations.
|
| 651 |
|
0 |
|a United States
|x Ethnic relations.
|
| 651 |
|
0 |
|a Vilnius (Lithuania)
|x Ethnic relations.
|
| 700 |
1 |
|
|a Weiss, Roger,
|d 1930-
|
| 999 |
|
|
|a MARS
|
| 999 |
f |
f |
|s 6914a5da-abe7-304c-946d-459b50194277
|i 058983a9-ef6e-387c-90b1-cf6ae61981b6
|t 0
|
| 952 |
f |
f |
|p ric
|a Texas A&M University
|b Rellis Campus
|c Joint Library Facility
|d Remote Storage
|t 0
|e DS140.5 .K33 1986
|h Library of Congress classification
|i unmediated -- volume
|m A14809809149
|
| 998 |
f |
f |
|a DS140.5 .K33 1986
|t 0
|l Remote Storage
|